Ozzy Osbourne Charting Songs (Billboard Hot 100) - Statistics

General Stats
  • This quiz has been taken 61 times
    31 since last reset
  • The average score is 4 of 7
Answer Stats
Album Weeks On Peak Artist(s) Song % Correct
Blizzard of Ozz 2 Weeks #39 Ozzy Osbourne Crazy Train
96%
No More Tears 9 Weeks #71 Ozzy Osbourne No More Tears
88%
No More Tears 19 Weeks #28 Ozzy Osbourne Mama, I'm Coming Home
76%
Black Rain 7 Weeks #61 Ozzy Osbourne I Don't Wanna Stop
40%
Lita 25 Weeks #8 Lita Ford with Ozzy Osbourne Close My Eyes Forever
32%
The Ultimate Sin 9 Weeks #68 Ozzy Osbourne Shot in the Dark
32%
Hollywood's Bleeding 20 Weeks #8 Post Malone ft. Travi$ Scott & Ozzy Osbourne Take What You Want
32%
No matching quizzes found
Score Distribution
Percent of People with Each Score
Percentile by Number Answered
Your Score History
You have not taken this quiz since the last reset